000 00789nam a2200289Ia 4500
005 20260324134637.0
008 008 260324s9999 xx 000 0 eng d
020 _a9781315074405
037 _aEBOOK
040 _aCRL
040 _beng
040 _cCRL
041 _2eng
041 _aeng
084 _qCRL
100 _aH. Scheer; B. McNelis; W. Palz; H.A. Ossenbrink; P. Helm
_91197606
245 0 _aSixteenth European Photovoltaic Solar Energy Conference
245 0 _bProceedings of the International Conference Held in Glasgow 1-5 May 2000
260 _bTaylor and Francis
260 _c2001
365 _a
365 _b415
856 _uhttp://www.taylorfrancis.com/books/9781315074405
942 _cEBOOK
999 _c1797891
_d1797891